Január

Bibliographic Details
Main Author: Válek, Miroslav, 1927-1991 (Author)
Format: Article
Language:Slovak
ISSN:0139-911X
Subjects:

MARC

LEADER 00000nab a2200000 a 4500
001 vtls010340738
003 SK-MaSNL
005 20260305010916.0
008 120208 2012xo m 000 0 slo
015 |a SNKBRB 2012/02 
038 |a KEKMK 
040 |a KEKMK  |b slo  |c KEKMK  |e AACR2 
041 |a slo 
044 |a xo  |c SK 
100 1 |a Válek, Miroslav,  |d 1927-1991  |4 aut  |9 102196 
245 1 0 |a Január  |c Miroslav Válek 
650 0 7 |a literatúra pre deti a mládež  |2 kekmk  |9 21893 
773 0 |t Slniečko  |g Roč. 66, č. 5 (január 2012), s.2  |x 0139-911X 
958 |a DB 
999 |c 3249513  |d 3251443